000 00749nam a2200289Ia 4500
005 20260324112019.0
008 008 260324s9999 xx 000 0 eng d
020 _a9781003454137
037 _aEBOOK
040 _aCRL
040 _beng
040 _cCRL
041 _2eng
041 _aeng
084 _qCRL
100 _aKatharine Tyler; Susan Banducci; Cathrine Degnen
_91140950
245 0 _aReflections on Polarisation and Inequalities in Brexit Pandemic Times
245 0 _bFractured Lives in Britain
260 _bTaylor and Francis
260 _c2025
365 _a
365 _b220
856 _uhttp://www.taylorfrancis.com/books/9781003454137
942 _cEBOOK
999 _c1729978
_d1729978